Groups of Things by Example #1 - Statistics

General Stats
  • This quiz has been taken 3,161 times
  • The average score is 38 of 77
Answer Stats
Answer % Correct
Planets (Earth) Mars
94%
Planets (Earth) Jupiter
92%
Planets (Earth) Saturn
92%
Planets (Earth) Venus
92%
Planets (Earth) Mercury
91%
Planets (Earth) Uranus
91%
Planets (Earth) Neptune
88%
Fingers (Thumb) Pinky
88%
Fingers (Thumb) Middle
87%
Fingers (Thumb) Ring
86%
LGBT (Lesbian) Gay
85%
Fingers (Thumb) Index
82%
LGBT (Lesbian) Bisexual
80%
Chess Pieces (Rook) King
75%
Chess Pieces (Rook) Queen
75%
LGBT (Lesbian) Transgender
75%
Five Stages of Grief (Denial) Acceptance
73%
Chess Pieces (Rook) Pawn
73%
Houses of Hogwart (Hufflepuff) Slytherin
71%
Chess Pieces (Rook) Bishop
70%
Chess Pieces (Rook) Knight
70%
Five Stages of Grief (Denial) Anger
69%
The Great Lakes (Erie) Michigan
67%
Houses of Hogwart (Hufflepuff) Ravenclaw
67%
Friends Actors (Jennifer Aniston) Courtney Cox
65%
Houses of Hogwart (Hufflepuff) Gryffindor
65%
The Ninja Turtles (Donatello) Leonardo
64%
The Ninja Turtles (Donatello) Raphael
64%
The Ninja Turtles (Donatello) Michelangelo
63%
The Great Lakes (Erie) Superior
63%
Friends Actors (Jennifer Aniston) David Schwimmer
58%
Seven Deadly Sins (Sloth) Greed
57%
New England States (Vermont) Maine
57%
Friends Actors (Jennifer Aniston) Matt LeBlanc
57%
The Great Lakes (Erie) Huron
56%
Friends Actors (Jennifer Aniston) Matthew Perry
56%
The Great Lakes (Erie) Ontario
56%
Noble Gases (Xenon) Neon
54%
Friends Actors (Jennifer Aniston) Lisa Kudrow
53%
New England States (Vermont) New Hampshire
53%
New England States (Vermont) Rhode Island
52%
Seven Deadly Sins (Sloth) Envy
50%
Seven Deadly Sins (Sloth) Gluttony
49%
Seven Deadly Sins (Sloth) Lust
48%
New England States (Vermont) Massachusetts
48%
New England States (Vermont) Connecticut
47%
Noble Gases (Xenon) Helium
46%
Noble Gases (Xenon) Argon
44%
Five Stages of Grief (Denial) Bargaining
43%
Five Stages of Grief (Denial) Depression
42%
Seven Deadly Sins (Sloth) Pride
40%
Seven Deadly Sins (Sloth) Wrath
36%
Noble Gases (Xenon) Radon
34%
Three Musketeers (Aramis) Porthos
33%
Fossil Fuels (Natural Gas) Coal
29%
Noble Gases (Xenon) Krypton
29%
Fossil Fuels (Natural Gas) Petroleum
29%
Legacy Airlines (Delta) American
28%
Three Musketeers (Aramis) Athos
27%
The Doctor Actors (Baker, Tennant) Matt Smith
24%
Legacy Airlines (Delta) United
21%
The Doctor Actors (Baker, Tennant) Peter Capaldi
17%
The Doctor Actors (Baker, Tennant) Christopher Eccleston
15%
Seven Summits (Vinson, Puncak Jaya) Everest
14%
Seven Summits (Vinson, Puncak Jaya) Kilimanjaro
11%
Seven Summits (Vinson, Puncak Jaya) McKinley
11%
The Doctor Actors (Baker, Tennant) Colin Baker
10%
The Doctor Actors (Baker, Tennant) Jon Pertwee
10%
Legacy Airlines (Delta) Alaska
9%
Seven Summits (Vinson, Puncak Jaya) Elbrus
8%
The Doctor Actors (Baker, Tennant) Sylvester McCoy
8%
Seven Summits (Vinson, Puncak Jaya) Aconcagua
7%
The Doctor Actors (Baker, Tennant) Peter Davison
7%
The Doctor Actors (Baker, Tennant) William Hartnell
7%
The Doctor Actors (Baker, Tennant) Patrick Troughton
6%
The Doctor Actors (Baker, Tennant) Paul Mcgann
5%
Legacy Airlines (Delta) Hawaiian
4%
No matching quizzes found
Score Distribution
Percent of People with Each Score
Percentile by Number Answered
Your Score History
You have not taken this quiz